LIBRARY & INFORMATION CENTRE, KCAET, TAVANUR

ONLINE PUBLIC ACCESS CATALOGUE (OPAC)

Figures for Fun: Stories and Conondrums / (Record no. 10163)

MARC details
000 -LEADER
fixed length control field 00299cam a2200109ua 4500
082 ## - DEWEY DECIMAL CLASSIFICATION NUMBER
Classification number 510.1
Item number PER/FI
100 ## - MAIN ENTRY--AUTHOR NAME
Personal name Perelman, Yakov .
245 ## - TITLE STATEMENT
Title Figures for Fun: Stories and Conondrums /
260 ## - PUBLICATION, DISTRIBUTION, ETC. (IMPRINT)
Place of publication Moscow :
Name of publisher Foreign Language Publishing House ,
Year of publication 1959.
300 ## - PHYSICAL DESCRIPTION
Number of Pages 152 ; .
942 ## - ADDED ENTRY ELEMENTS (KOHA)
Koha item type Books
Holdings
Withdrawn status Lost status Damaged status Home library Current library Date acquired Full call number Accession Number Koha item type
Withdrawn     KAUAET Central Prison Tavanur 07/04/2012 510.1 11223 Books
free website counter